Počítače - kľúč k profitu alebo cesta k bankrotu? 2.
Počítače musia znamenať zvýšenie účinnosti ľudského potenciálu v podniku. Charakteristika zvýšených požiadaviek na pracovníkov vyplývajúcich z komplexnosti nových systémov. Pojednanie o nových prístupoch k zamestnancom a o ekonomických účinkoch aplikácie počítačov. Situácia v ČSFR.
Salvato in:
| Autore principale: | |
|---|---|
| Natura: | Capitolo di libro |
| Lingua: | slovacco |
| Soggetti: | |
| Tags: |
Nessun Tag, puoi essere il primo ad aggiungerne!!
|
MARC
| LEADER | 00000naa a2200000 4500 | ||
|---|---|---|---|
| 001 | r010148 | ||
| 005 | 20220831084532.7 | ||
| 041 | 0 | |a slo | |
| 044 | |a [CS] | ||
| 245 | 1 | 0 | |a Počítače - kľúč k profitu alebo cesta k bankrotu? 2. |c Ján Košturiak |
| 520 | |a Počítače musia znamenať zvýšenie účinnosti ľudského potenciálu v podniku. Charakteristika zvýšených požiadaviek na pracovníkov vyplývajúcich z komplexnosti nových systémov. Pojednanie o nových prístupoch k zamestnancom a o ekonomických účinkoch aplikácie počítačov. Situácia v ČSFR. | ||
| 610 | 2 | 0 | |a počítače |
| 610 | 2 | 0 | |a využitie počítačov |
| 610 | 2 | 0 | |a podnik |
| 610 | 2 | 0 | |a účinnosť ekonomická |
| 610 | 2 | 0 | |a zamestnanci |
| 610 | 2 | 0 | |a ČSFR |
| 610 | 2 | 0 | |a práca s ľuďmi |
| 100 | 1 | |a Košturiak, Ján | |